000 00262nam a22000977a 4500
999 _c515317
_d515317
082 _aTNC B2 In2
100 _aInamdar, N. R.
_920682
245 _aProfiles of Indian government and politics
_cby Inamdar, N. R.
260 _aPoona
_bVishwanil
_c1989
300 _a351p.